00631nam a2200169 i 450000100060000000300090000600500170001500700030003200800410003510000300007624501000010626000640020630000210027049000700029183000670036185200330042834852ES-MaACL20251003063051.0t|030211s1923 sp ||||1| spa d1 aBoix, Emilio, d1859-195310aSituación económica de la República Argentina b: (1º de julio de 1923) / cEmilio Boix. aMadrid : b[s.n.], c1923 (fImp. del Ministerio de Estado) a34 p. ; c23 cm.1 aCentro de Información Comercial del Ministerio de Estado ; v9000aCentro de Información Comercial del Ministerio de Estadov90 aES-MaACLj1674-F-13 bR.4595